| 000 -LEADER | |
|---|---|
| fixed length control field | 00279nam a22001217a 4500 |
| 005 - DATE AND TIME OF LATEST TRANSACTION | |
| control field | 20170530113404.0 |
| 008 - FIXED-LENGTH DATA ELEMENTS--GENERAL INFORMATION | |
| fixed length control field | 170530b xxu||||| |||| 00| 0 eng d |
| 041 ## - LANGUAGE CODE | |
| Language code of text/sound track or separate title | eng |
| 100 ## - MAIN ENTRY--AUTHOR NAME | |
| Personal name | COTTON, H (ED.) |
| 245 ## - TITLE STATEMENT | |
| Title | ELECTRICAL EQUIPMENT IN MINES |
| 300 ## - PHYSICAL DESCRIPTION | |
| Number of Pages | 446 |
| 942 ## - ADDED ENTRY ELEMENTS (KOHA) | |
| Koha item type | Books |
| Lost status | Damaged status | Collection code | Home library | Current library | Shelving location | Date acquired | Source of acquisition | Cost, normal purchase price | Full call number | Accession Number | Koha item type |
|---|---|---|---|---|---|---|---|---|---|---|---|
| MINING | JRU Library | JRU Library | SHELF-94-C | 30/05/2017 | PURCHESS | 350.00 | 681.76 | 21802 | Books | ||
| JRU Library | SHELF-7-B | 30/05/2017 | PURCHESS | 350.00 | 681.76 | 21803 | Books | ||||
| MINING | JRU Library | JRU Library | SHELF-94-C | 30/05/2017 | PURCHESS | 350.00 | 681.76 | 21804 | Books |